zpět

Detail výsledku týmu

Hloupý Honza, Praha

Datum a čas kvízu

28 Celkem bodů Celkový počet nahraných bodů na tomto kvízu bez doplňovacích otázek.
10. Pořadí na kvízu Konečné umístění týmu na tomto kvízu.

Zaznamenané odpovědi

# Otázka Odpověď Body Výsledky
1. Sobotní vyhlašování cen Český... 1
2. Do prodejny mobilů přišla žena... 1
3. Jak se nazývá animovaný snímek... 0
4. Na letošním ženevském autosalo... 0.5
5. Základní část naší hokejové ex... 1
6. V tomto tématu si posvítíme na... 1
7. Které jsou nejrozšířenější jaz... 1
8. Největší jezera na světě co do... 0
9. Státy USA s největší rozlohou:... 0.5
10. Evropské země podle rozlohy: 1... 0.5